=LDR 00000nam 2200000 4500 =001 INLIS000000000026254 =005 20200221092723 =035 ##$$a 0010-061300000026254 =008 200221################g##########0#ind## =041 ##$$a Ind =082 ##$$a 155.453 719 =090 ##$$a 155.453 719, Sea a =100 ##$$a Sears, William =245 1#$$a Anak Cerdas, peranan orang tua dalam mewujudkannya, william Sears M.D : $b Peranan Orang Tua dalam Mewujudkannya /$c william Sears M.D =260 ##$$a Jakarta :$b Emerald Publishing,$c 2004 =300 ##$$a 614 hlm : $b Ilus. ; $c 16 x 23 cm. =650 #4$$a Psikologi anak =850 ##$$a NBPNMAT =020 ##$$a 978-979-983-241-1 =084 ##$$a 155.453 719 SEA a =250 ##$$a Cet.1 =990 ##$$a 30503089